000 01474cam a2200361 i 4500
001 data
005 20260322212106.0
008 data
035 _a20378954
906 _a7
_bcbc
_ccopycat
_d2
_eepcn
_f20
_gy-gencatlg
925 0 _aacquire
_b1 shelf copy
_xpolicy default
010 _a 2018936196
020 _a0199570191
020 _a9780199570195
035 _a(OCoLC)1020586827
040 _aYDX
_beng
_cYDX
_erda
_dDLC
_dJHE
_dDLC
042 _alccopycat
050 0 0 _aK5015.4
_b.D84 2018
082 0 4 _a300
100 1 _aDuff, Antony,
_eauthor.
245 1 4 _aThe realm of criminal law /
_cR A Duff.
250 _aFirst edition.
264 1 _aOxford, United Kingdom :
_bOxford University Press,
_c2018.
300 _aviii, 373 pages ;
_c24 cm
336 _atext
_btxt
_2rdacontent
337 _aunmediated
_bn
_2rdamedia
338 _avolume
_bnc
_2rdacarrier
504 _aIncludes bibliographical references (pages 335-354) and index.
520 8 _aWe are said to face a crisis of over-criminalization: our criminal law has become chaotic, unprincipled, and over-expansive. This book proposes a theory of criminal law, as an institution that can play an important but limited role in the civil order of a political community: it shows how criminal law could be ordered, principled, and restrained.
650 0 _aCriminal law.
650 7 _aCriminal law.
_2fast
_0(OCoLC)fst00883328
999 _c1551
_d1551